000 01018nam a2200265 i 4500
001 87063
003 ES-MaACL
005 20250826111425.0
007 t|
008 041217m19541960sp ||||1| spa d
080 _a251
100 1 _aKoch, Anton.
_968395
245 1 0 _aDocete
_b: formación básica del predicador y del conferenciante /
_cAnton Koch, Antonio Sancho.
250 _a2ª ed.
260 _aBarcelona :
_bHerder,
_c1954-1960.
300 _a8 v. ;
_c22 cm.
490 1 _aBiblioteca Herder
505 8 _aContiene: T. I: Dios. -- T. II: El Hombre. -- T. III: La Iglesia. -- T. IV: La Gracia. -- T. V: El Hombre y Dios. -- T. VI: El Hombre en la vida social. -- T. VII: La vida del hombre. -- T. VIII: La vida de prefección
650 0 4 _aPredicación.
_916342
700 1 _aSancho Nebot, Antonio,
_d1884-1961
_9103048
830 0 _aBiblioteca Herder
_9183344
852 _aES-MaACL
_jE-4235-42
_bR.43499
852 _aES-MaACL
_jC-19170-76
_9R.47093
_q.- Falta vol. 8º
999 _c87063
_d87063